Statistics for Most Well Known World Islands

Click here to take the quiz!

General Stats

  • This quiz has been taken 36 times
  • The average score is 15 of 20

Answer Stats

Percent GuessedIslandCountry% Correct
93%IrelandIreland/United Kingdom
94%
82%Great BritainUnited Kingdom
94%
92%MadagascarMadagascar
84%
92%CubaCuba
81%
94%IcelandIceland
81%
79%HonshuJapan
81%
85%TasmaniaAustralia
78%
86%JamaicaJamaica
75%
90%Sri LankaSri Lanka
75%
82%JavaIndonesia
72%
81%BorneoIndonesia/Malaysia/Brunei
72%
84%North IslandNew Zealand
72%
84%South IslandNew Zealand
72%
79%SardiniaItaly
69%
84%SicilyItaly
69%
85%TaiwanTaiwan
69%
87%CyprusCyprus
63%
90%GreenlandDenmark
63%
81%HispaniolaDominican Republic/Haiti
56%
78%CorsicaFrance
53%

Score Distribution

Percentile by Number Answered

Percent of People with Each Score

Your Score History

You have not taken this quiz